Cliquez sur la figure mythologique pour compléter l'expression - Statistiques

Statistiques générales
  • Ce quiz a été pris 6 797 fois
  • Le résultat moyen est 15 sur 20
Statistiques - réponses
Hint Extra Hint Réponse % Correct
Ouvrir la boîte de __ Déclencher une série de malheurs Pandore
97%
Tomber dans les bras de __ S'endormir Morphée
96%
Son talon d'__ Point faible Achille
95%
Tonnerre de __ ! Interjection Zeus
91%
Suivre le fil d'__ Se guider dans une situation difficile Ariane
89%
Une épée de __ Situation dangereuse, délicate Damoclès
89%
Être touché par la flèche de __ Tomber amoureux Cupidon
88%
Beau comme un __ Très beau Apollon
85%
Toucher le __ Gagner une grosse somme Pactole
85%
Se perdre dans un __ Dans un labyrinthe Dédale
80%
Riche comme __ Extrêmement riche Crésus
79%
Fidèle comme le chien d'__ D'une fidélité inégalable Ulysse
76%
Un travail d'__ Tâche colossale Hercule
74%
Tomber de __ en Scylla Aller de mal en pis Charybde
61%
Se croire sortir de la cuisse de __ Se croire exceptionnel Jupiter
57%
Le rocher de __ Travail interminable et inutile Sisyphe
56%
Un supplice de __ Un désir sans suite Tantale
54%
Une toile de __ Travail sans fin Pénélope
40%
Jouer les __ Prédire des malheurs Cassandre
35%
Un diseur de __ Orateur inintelligible Phébus
33%
Aucun quiz correspondant
Distribution des résultats
% des personnes avec chaque résultat
Percentile par nombre de réponses
Votre historique - résultats
Vous n’avez pas pris ce quiz